000 00862nam a2200253 a 4500
003 DO-SdBNP
005 20240529132238.0
007 ta
008 220706e2019 dr aoh|er|||| 000 pdspa d
020 _a9789945614732
040 _aDO-SdBNP
_bspa
_cBNPHU
082 4 _222
_bL864e
100 1 _aLópez Azuán, Virgilio,
_d1959-
_964493
245 _aEn el nombre del padre:
_bpoesía. /
_cVirgilio López Azuán, Reynaldo López Pérez
260 _a[Santo Domingo] :
_bInstituto Lemma,
_c2019
300 _a76, [2] p. :
_bil., facs., gráf.
500 _aIncluye datos biográficos de los autores en las solapas de las cubiertas.
590 _aInventariado 2022 /MF
650 0 _aLiteratura dominicana.
_xRepública Dominicana
_967
650 0 _aPoesía dominicana
_978060
700 1 _aLópez Pérez, Reynaldo
_981951
910 _aMFeliz
942 _2ddc
_cLBS1
999 _c52153
_d52153